000 01037cam a2200289 4500
001 24707
003 BD-RjUL
005 20211209001104.0
008 140315s1972 cc c 000 1 eng d
035 _a(BD-RjUL)24776
040 _aDLC
_cDLC
_dBD-RjUL
_beng
041 1 _aeng
_hchi
082 0 0 _a895.135
_bHSO 1972
100 1 _aHsun, Lu
_976046
245 1 0 _aOld tales retold /
_cLu Hsun ; [Translated by Yang Hsien-yi and Gladys Yang].
250 _a2nd ed.
260 _aPeking :
_bForeign Languages Press,
_c1972.
300 _a137 p. :
_bport. ;
_c19 cm.
500 _aTranslation of Ku shih hsin pien.
505 0 _aMending heaven -- The flight to the moon -- Curbing the flood -- Gathering vetch -- Forging the swords -- Leaving the pass -- Opposing aggression -- Resurrecting the dead.
651 0 _aChina
_xSocial life and customs
_xFiction.
_976047
700 1 _aYang, Xianyi,
_d1915-2009
_972306
700 1 _aYang, Gladys.
_972307
942 _2ddc
_cBK
999 _c24707
_d24707